| 000 | 00498nam a22000977a 4500 | ||
|---|---|---|---|
| 999 |
_c23542 _d23542 |
||
| 003 | NUST | ||
| 005 | 20170607132512.0 | ||
| 008 | 131217b xxu||||| |||| 00| 0 eng d | ||
| 020 | _cAvailable | ||
| 040 |
_aDLC _bDLC _cRCMS |
||
| 082 | _a670 DEF | ||
| 100 |
_aDepartment of Defense _92150 |
||
| 245 |
_aMandatory Procedures For Major Defense Acquisition Programs (MDAPS) And Major Automated Information Systems (MAIS) Acquisition Programs _cDepartment of Defense |
||
| 260 |
_aUnited States of America _bDepartment of Defense _cApril 5,2002 |
||
| 300 |
_a214,p: _bill: _c30,cm. |
||
| 538 | _iShelf No 1 Row No 3 | ||
| 650 |
_aEngineering Standard _92167 |
||
| 856 | _3Table of Content Only | ||
| 942 |
_2ddc _cBK |
||